Jammu and Kashmir, 1975-79 (Record no. 488461)

000 -LEADER
fixed length control field 00420cam a22001217a 4500
008 - FIXED-LENGTH DATA ELEMENTS--GENERAL INFORMATION
fixed length control field 180718b1979 xxu||||| |||| 00| 0 eng d
082 ## - DEWEY DECIMAL CLASSIFICATION NUMBER
Classification number B6x5431 K151/1975-79
245 ## - TITLE STATEMENT
Title Jammu and Kashmir, 1975-79
Statement of responsibility, etc. edited by K.K. Kilam
260 ## - PUBLICATION, DISTRIBUTION, ETC.
Place of publication, distribution, etc. Srinagar
Name of publisher, distributor, etc. Directorate of Information (Publication Wing)
Date of publication, distribution, etc. 1979
300 ## - PHYSICAL DESCRIPTION
Extent 138p.
700 ## - ADDED ENTRY--PERSONAL NAME
Personal name Jammu and Kashmir. Directorate of Information (Publication Wing)
700 ## - ADDED ENTRY--PERSONAL NAME
Personal name Kilam, K.K.
Holdings
Withdrawn status Lost status Damaged status Not for loan Permanent Location Current Location Date acquired Full call number Barcode Date last seen Price effective from Koha item type
        Indian Institute of Public Administration Indian Institute of Public Administration 2018-08-04 B6x5431 K151/1975-79 GG18865 2018-08-04 2018-08-04 GG

Powered by Koha